书目信息 |
| 题名: |
重振雄风
|
|
| 作者: | 袁凤东 编写 | |
| 分册: | ||
| 出版信息: | 长春 吉林出版集团有限责任公司 2011.03 |
|
| 页数: | 119页 | |
| 开本: | 21cm | |
| 丛书名: | ||
| 单 册: | ||
| 中图分类: | I253.3 , F427.3 | |
| 科图分类: | ||
| 主题词: | 报告文学--中国--当代 , 工业基地--经济发展--东北地区 , 工业基地 , 经济发展 , 报告文学 | |
| 电子资源: | ||
| ISBN: | 978-7-5463-1843-1 | |
| 000 | 01004nam0 22003131 450 | |
| 001 | 004988353 | |
| 005 | 20111228090850.85 | |
| 010 | @a978-7-5463-1843-1@dCNY22.00 | |
| 096 | @aI25@byfd | |
| 100 | @a20101015d2011 em y0chiy50 ea | |
| 101 | 0 | @achi |
| 102 | @aCN@b220000 | |
| 105 | @ay z 000zy | |
| 200 | 1 | @a重振雄风@9chong zhen xiong feng@e振兴东北老工业基地计划启动@f袁凤东编写 |
| 210 | @a长春@c吉林出版集团有限责任公司@d2011.03 | |
| 215 | @a119页@d21cm | |
| 300 | @a共和国故事 | |
| 330 | @a本书介绍了振兴东北老工业基地计划启动的故事。内容包括:中央决策、战略贯彻、振兴行动等。 | |
| 517 | 1 | @a振兴东北老工业基地计划启动@9zhen xing dong bei lao gong ye ji di ji hua qi dong |
| 606 | 0 | @a报告文学@y中国@z当代 |
| 606 | 0 | @a工业基地@x经济发展@y东北地区 |
| 606 | 0 | @a工业基地 |
| 606 | 0 | @a经济发展 |
| 606 | 0 | @a报告文学 |
| 690 | @aI253.3@v4 | |
| 690 | @aF427.3@v4 | |
| 701 | 0 | @a袁凤东@9yuan feng dong@c(社会科学)@4编写 |
| 801 | 0 | @c20111228 |
| 905 | @aZUCC@dI253.3@eY880@f3 | |
| 重振雄风:振兴东北老工业基地计划启动/袁凤东编写.-长春:吉林出版集团有限责任公司,2011.03 |
| 119页;21cm |
| 共和国故事 |
| ISBN 978-7-5463-1843-1:CNY22.00 |
| 本书介绍了振兴东北老工业基地计划启动的故事。内容包括:中央决策、战略贯彻、振兴行动等。 |
| ● |
| 相关链接 |
|
|
|
正题名:重振雄风
索取号:I253.3/Y880
 
预约/预借
| 序号 | 登录号 | 条形码 | 馆藏地/架位号 | 状态 | 备注 |
| 1 | 1184265 | 211842657 | 社科二线400B/400B社科库 24排2列1层/ [索取号:I253.3/Y880] | 在馆 | |
| 2 | 1184266 | 211842666 | 文学库108/108文学库 68排3列5层/ [索取号:I253.3/Y880] | 在馆 | |
| 3 | 1184267 | 211842675 | 文学库108/108文学库 68排3列5层/ [索取号:I253.3/Y880] | 在馆 |